=LDR 00000nam 2200000 4500 =001 INLIS000000000038168 =005 20130612143842 =008 ***********************************ind** =035 ##$$0010-061300000038168 =041 ##$$a ind =082 ##$$a 435 =090 ##$$a 435, Per m =100 ##$$a Pertiwi, Nurul =245 ##$$a My fairy Friends, Nurul Pertiwi =650 ##$$a Bacaan Kanak-Kanak =850 ##$$a NBPNMAT =990 ##$$a 0001/BPAP-NTB/20142014